Southville International School and Colleges
Your cart is empty.
  • Cart
  • Lists
    Public lists Eva Luna New books Lux_list list_1
    Your lists Log in to create your own lists
  • Log in to your account
  • Your cookies
  • Search history
Southville International School and Colleges
  • Advanced search
  • Recent comments
  • Most popular
  • Libraries

Log in to your account

Log in with GOOGLE


If you do not have an external account, but do have a local account, you can still log in:

  1. Home
  2. MARC view: Mga dakilang Pilipino /
Normal view MARC view ISBD view

Mga dakilang Pilipino / (Record no. 3504)

[ view plain ]
MARC details
000 -LEADER
fixed length control field 00514nam a22001937a 4500
003 - CONTROL NUMBER IDENTIFIER
control field OSt
005 - DATE AND TIME OF LATEST TRANSACTION
control field 20140310181757.0
008 - FIXED-LENGTH DATA ELEMENTS--GENERAL INFORMATION
fixed length control field 130701t xxu||||| |||| 00| 0 eng d
020 ## - INTERNATIONAL STANDARD BOOK NUMBER
International Standard Book Number 9715380123
050 ## - LIBRARY OF CONGRESS CALL NUMBER
Classification number DS 653.7
Item number .D135 1985
082 ## - DEWEY DECIMAL CLASSIFICATION NUMBER
Classification number FIL 920
Item number Da14
245 ## - TITLE STATEMENT
Title Mga dakilang Pilipino /
260 ## - PUBLICATION, DISTRIBUTION, ETC. (IMPRINT)
Place of publication, distribution, etc Manila :
Name of publisher, distributor, etc Pambansang Suriang Pangkasaysayan,
Date of publication, distribution, etc 1985.
300 ## - PHYSICAL DESCRIPTION
Extent vii, 94 p. :
Other physical details ill.;
Dimensions 23 cm. :
520 ## - SUMMARY, ETC.
Summary, etc 1. Heroes and heroines
562 ## - COPY AND VERSION IDENTIFICATION NOTE
Number of copies 1
942 ## - ADDED ENTRY ELEMENTS (KOHA)
Source of classification or shelving scheme Library of Congress Classification
Koha item type Books
Call number prefix Filipininana
Holdings
Withdrawn status Lost status Source of classification or shelving scheme Damaged status Home library Current library Shelving location Date acquired Total Checkouts Full call number Barcode Date last seen Copy number Price effective from Koha item type
    Library of Congress Classification   Luxembourg Library Luxembourg Library Filipiniana Section 07/01/2013   DS 653.7 .D135 1985 6103 08/13/2013 1 07/01/2013 Books

Mga dakilang Pilipino /

APA

(1985). Mga dakilang Pilipino. Manila: Pambansang Suriang Pangkasaysayan.

Chicago

1985. Mga dakilang Pilipino. Manila: Pambansang Suriang Pangkasaysayan.

Harvard

(1985). Mga dakilang Pilipino. Manila: Pambansang Suriang Pangkasaysayan.

MLA

Mga dakilang Pilipino. Manila: Pambansang Suriang Pangkasaysayan. 1985.

  • Place hold
  • Print
  • Cite
  • Add to your cart (remove)
  • Save record
    BIBTEX Dublin Core MARCXML MARC (non-Unicode/MARC-8) MARC (Unicode/UTF-8) MARC (Unicode/UTF-8, Standard) MODS (XML) RIS
  • More searches
    Search for this title in:
    Other Libraries (WorldCat) Other Databases (Google Scholar) Online Stores (Bookfinder.com) Open Library (openlibrary.org)

Exporting to Dublin Core...

SOUTHVILLE LIBRARY

Southville International School and Colleges Library

1281 Tropical Ave. Cor. Luxembourg St., BF Homes International, Las Pinas City

Tel. No. 8256374 / 252358 Loc. 117/146

Powered by Koha